000 00403nam a22001697a 4500
003 UA-OsUOA
001 6150
007 ta
008 20050721b un ||||| |||| 00| 0 ukr d
100 _aКаліущенко
700 _aВ. Д.
942 _cBK
040 _aUA-OsUOA
_cUA-OsUOA
_dUA-OsUOA
245 _aЗіставне вивч. герм. і роман.. Част.2
955 _a2
650 7 _2UDC
999 _c292312
_d292312